000 00317 a2200157 4500
001 188738
020 _a0-19-424339-7
040 _cMagnum
100 _aEscott, John
240 1 0 _aA pretty face
_lING
245 1 0 _aA pretty face
300 _a44
362 0 _a2003
697 _aLITERATURA INGLESA
942 _cBK
999 _c188738
_d188738